000 00422nam a2200157Ia 4500
005 20260121165312.0
008 260121s9999 xx 000 0 und d
041 _amar
082 _a355.8
100 _aजोशी, विवेक
245 _aWeapons- that Wins the warefare
250 _a1
260 _bभारतीय विचार साधना पुणे
_c2018
300 _a82
650 _aGenral
999 _c369987
_d369987